| 000 | 00798nam a22002297a 4500 | ||
|---|---|---|---|
| 005 | 20100726162236.0 | ||
| 010 | _aENG-96862 | ||
| 020 |
_a9788174734334 _c350.00 |
||
| 020 |
_a8174734334 _c350.00 |
||
| 035 | _aEN-80395 | ||
| 037 | _bDBAD/PUB | ||
| 082 | _a658.8 | ||
| 100 |
_aBaral, S. K _91570 |
||
| 245 |
_aAdvanced approach to marketing management / _cby D. K. Baral [and] S. C. Bihari |
||
| 260 |
_aDelhi _bA.I.T.B.S. Publishers _c2009 |
||
| 270 |
_aJ5/6, krishan Nagar, Delhi-110051 _bDelhi |
||
| 300 |
_axv, 607p. _c24cm (pbk) |
||
| 500 | _aIncludes index | ||
| 700 |
_aBihari, S. C. _91571 |
||
| 942 |
_2ddc _cEN _h658.8 _mBAR |
||
| 999 |
_c37804 _d37804 |
||